Les communes de Kinshasa sur une carte - Statistiques

Statistiques générales
  • Ce quiz a été pris 22 fois
  • Le résultat moyen est 12 sur 24
Réponses sur la Carte
Les réponses sont colorées sur une échelle allant du rouge au vert en fonction du pourcentage des utilisateurs qui les ont devinées à leur premier essai. Vous pouvez retrouver ces pourcentages ci-dessous.
 
Statistiques - réponses
District Commune % Correct
Lukunga Gombe
71%
Lukunga Kinshasa
71%
Mont Amba Matete
59%
Lukunga Mont Ngafula
59%
Lukunga Ngaliema
59%
Mont Amba Limete
53%
Tshangu Maluku
53%
Tshangu N'Djili
53%
Tshangu N'Sele
53%
Funa Bandalungwa
47%
Mont Amba Kisenso
47%
Mont Amba Lemba
47%
Lukunga Lingwala
47%
Tshangu Masina
47%
Mont Amba Ngaba
47%
Funa Ngiri-Ngiri
47%
Funa Selembao
47%
Funa Kalamu
41%
Funa Kasa-Vubu
41%
Tshangu Kimbanseke
41%
Funa Makala
41%
Lukunga Barumbu
35%
Funa Bumbu
35%
Lukunga Kintambo
35%
Aucun quiz correspondant
Distribution des résultats
% des personnes avec chaque résultat
Percentile par nombre de réponses
Votre historique - résultats
Vous n’avez pas pris ce quiz